Statistics for Central and South American Countries

Click here to take the quiz!

General Stats

  • This quiz has been taken 725 times
  • The average score is 16 of 20

Answer Stats

Answer% Correct
Brazil
93%
Chile
90%
Argentina
89%
Paraguay
85%
Panama
84%
Peru
83%
Bolivia
82%
Costa Rica
82%
Uruguay
82%
Venezuela
81%
Ecuador
80%
Honduras
80%
Colombia
79%
El Salvador
79%
Guatemala
77%
Belize
74%
Nicaragua
74%
Guyana
73%
Suriname
71%
French Guiana
36%

Score Distribution

Percentile by Number Answered

Percent of People with Each Score

Your Score History

You have not taken this quiz